| 000 | 01235nam a2200277 a 4500 | ||
|---|---|---|---|
| 003 | OSt | ||
| 005 | 20250627143819.0 | ||
| 007 | cr ||||||a|c|a | ||
| 008 | 240226s2023 mx a|||fom||| 001 0 spa d | ||
| 040 | _erda | ||
| 100 | 1 |
_9188849 _aGomez Hernandez, Luis MIguel |
|
| 245 | 1 | 0 |
_aSuplementación estratégica en novillas y su efecto sobre la respuesta animal durante la época de nortes en Tzucacab, Yucatán / _cLuis Miguel Gomez Hernandez; director de tesis Ever de Jesús Flores Santiago |
| 264 | 1 |
_aChapingo, México : _bEl autor, _c2023. |
|
| 300 |
_a1 recurso en línea (85 páginas): _bcuadros y figuras.. |
||
| 336 |
_2rdacontent _atexto _btxt |
||
| 337 |
_2rdamedia _acomputadora _bc |
||
| 338 |
_2rdacarrier _arecurso en línea _bcr |
||
| 502 |
_bIAEZT _cURUSSE _d2023. _gLIC |
||
| 504 | _aIncluye referencias bibliográficas: páginas 51-74 | ||
| 650 | 4 |
_9146493 _aSuplementación dirigida |
|
| 650 | 4 |
_942601 _aForrajes _xValor nutritivo |
|
| 650 | 4 |
_9143651 _aPastoreo _xAlimentación |
|
| 700 | 1 |
_aFlores Santiago, Ever del Jesús _eDirector de tesis. _941735 |
|
| 856 |
_uhttp://10.13.5.2/tesis/tl/1810939-2_GOMEZ_HERNANDEZ_LUISMIGUEL.pdf _zDESCARGAR PDF |
||
| 942 |
_2Clasificación Universidad Autónoma Chapingo _cTD |
||
| 999 |
_c219761 _d219761 |
||